Quizzes
Events
Quiz Creation
Community
Videos
Private Events
Remove Ads
Sign In
Join for FREE
Feedback
Dark Mode
Quiz Categories
Sports
Geography
Music
Movies
Television
Just For Fun
Miscellaneous
History
Literature
Language
Science
Gaming
Entertainment
Religion
Holiday
For Kids
Quiz Lab
Recent
Popular Today
Quiz Kudos Today
Editor Picks
Curator Picks
Quizzes by...
Day
Popularity
Type
Ratings
Length
Year
Community
Subscriptions
Recent Discussions
Orange Saloon
Badges
Playlists
Quests
Create
Leaderboards
Showdown
Live 5
Trivia Bingo
Activity
Puzzle Library
Sporcle Events
Private Events
Virtual Trivia
Globe League
Become a Host
Pub Owners
SporcleCon
Opinionation
Our Games
Videos
Blog
Mobile Apps
Partnerships
Remove Ads and Go Orange
Feedback
Television
TV Characters
TV Show
Sitcom
Network
Friends
Reality Shows
Cast
South Park
Star Trek
The Simpsons
Doctor Who
Television
TV Characters
TV Show
Sitcom
Network
Friends
Reality Shows
Cast
South Park
Star Trek
The Simpsons
Doctor Who
Random Quiz
Search Sporcle
×
Quiz Lab
Quiz Lab
Television
Quote
Type in answers that appear in a list
Type in answers that appear in a list
Classic
Best Score? Go Orange.
It's Always Sunny Quotes Stats
Can you name the It's Always Sunny Characters by theri Quotes?
By
Gentledon
8m
50 Questions
165 Plays
165 Plays
165 Plays
Comments
Comments
Give Quiz Kudos
Give Quiz Kudos
-
- Ratings
hide this ad
Forced Order
Answers have to be entered in order
Answers have to be entered in order
Replay
Link that replays current quiz
Next Quiz
Link to next quiz in quiz playlist
You Got
0%
They Got
Avg Score
78%
Avg Friend Score
Upgrade to see
Score Distribution
Jump to the score distribution portion of the page
Score
0/50
Timer
08:00
0
Plays Today
Quote
Character
% Correct
I'll go ahead an weigh in on this situation.
Dennis
90.9%
Does my scar look like a dog vagina?
Rickety Cricket
90.9%
No! Rum Ham!
Frank
90.3%
I feel like you're starting to a say a word and you're not finishing it. Spaghetti? Are you taking me to a spaghetti day?
Charlie
89.7%
Dude, you can't do a backflip, you can't do karate, you can't do ****!
Charlie
89.7%
Ow Dee, that's severely lacking in class.
Dennis
89.1%
I did eventually get my pump on, I did a bunch of push-
ups outisde, which is also why I'm out of breath.
Mac
89.1%
Well, yeah, of course I'm the looks, but I always thought of myself as the brains and the looks
Dennis
89.1%
I'm going to bang Tim Murphy's black wife
Dennis
88.5%
I see a door marked private...
Dennis
88.5%
But we're oil men! We would have southern accents.
Charlie
88.5%
I'm saying I did an ocular assessment of the situation garnered that he was not a security risk and I cleared him for passage.
Mac
88.5%
Am I peeing?...Hey guys, if I'm peeing, wake me up!
Charlie
86.7%
Oh damnit, You're getting cheetos fingers all over my wall.
Dee
86.1%
What?! Bruce is not banging any baby dudes!!
Dee
86.1%
It doens't mean he goes home and shoot laserbeams out of his finger into his boyfriend's ****.
Mac
85.5%
Any amount of cheese before a date is too much cheese!
Dennis
84.8%
That's right a maid, a maid I can bang
Frank
84.2%
Goddamnit, Jack Bauer. You really are the man
Dennis
83.6%
You went to Vietnam in 1993 to open up a sweatshop!
Dee
83.6%
No, I put the bar under the pride section.
Charlie
83%
That lawyer guy, okay. He totally besmirched me today, and I demand satisfaction.
Charlie
83%
Aaaoooo, botched toe! I botched that one, ooh that's a botch job. It's bleedin. I need some trash to plug up the cut.
Frank
83%
Who am I supposed to vote for? Am I supposed to vote for the Democrat who's going to blast me in the ass, or the Republican who's blasting my ass?
Dennis
83%
I accidentally punched that tranny in the face
Mac
83%
Quote
Character
% Correct
It's really not a Yes or No type situation..
Mac
82.4%
(....) A series of Mexican Women
Frank
81.8%
What does a little Mexican girl love more than anything else in the world?
Charlie
81.8%
Im gonna take my bra off, blast my nips.
Artemis
81.2%
And then I'll reach for some cigarettes and when I ask for a light, we come out blastin'!
Frank
80.6%
Your breath smells like an old lady fart passing through an onion.
Dee
79.4%
Where we're slicing prices so low, you don't need a pot of gold to get slushy.
Dee
78.8%
I wanna live like you, Charlie. I wanna be pathetic and desperate and ugly and hopeless.
Frank
78.8%
Let me pop a quick 'H' on this box, this way we all know its filled with the hornets
Charlie
78.8%
I'm just gonna have sex with somebody to feel better about myself. I'm gonna bang the next person who talks to me. So who's it gonna be?
Waitress
78.2%
And you've never seen me wash my testicles either but that doesn't mean I don't do it every Friday.
Charlie
78.2%
What about cougarhands?
Mac
77%
I bumped into that video store clerk, total jerkoff!
Frank
77%
Close off, Pose off!
Frank
75.2%
He's been trying to climb through that trash can for 20 minutes. I'm pretty sure he's on acid.
Artemis
75.2%
See you, Coach Dick and Balls.
Dee
75.2%
Who am I? I'm just a small town girl, who moved to the big city with big dreams.
Artemis
75.2%
Watch out for the crackheads. They WILL cut you
Rickety Cricket
74.5%
I Browned out that evening
Mac
74.5%
It's all Hips and Nips!
Rickety Cricket
63%
So who's retarded now?
Little Kevin
62.4%
We're gonna get this place hot and clammy, just like the McPoyles like it.
Liam
57%
They ain't American, I don't want to know them.
Mrs. Mac
33.9%
Boys will be boys, Charlie.
Charlie's uncle
32.7%
Well it's the M.S. that's really lame, you know.
Schmitty
21.8%
Quiz Playlist
Details
Report
Send in Message
Add To Playlist
Classic:
Type in answers that appear in a list
Forced Order:
Answers have to be entered in order
Last Updated: Feb 16, 2017
Quiz Scoreboard
CHALLENGE
Sign Up to Join the Scoreboard
Show All
Scores
Hide
Comments
May contain spoilers
Recently Published
College Basketball Coaching Resumes
by pancakes188
Sports
9m
Billboard Blitz: Fleetwood Mac
by CooCooCachoo
Music
15s
Presidents Visiting Landmarks
by Hejman
History
7m
More to Explore
Quiz From the Vault
Featured Blog Post
Where Did the Easter Bunny Come From?
hide this ad
You Might Also Like...
Tags
Quote Quiz
Always
It's Always Sunny in Philadelphia
Sunny
Sunny Quotes
Today's Top Quizzes in Television
Browse Television
hide this ad
Today's Top Quizzes in Quote
Browse Quote
Top Contributed Quizzes in Television
1
5-to-1: The Simpsons Families
2
5-to-1: Television Doctors
3
7-to-1: TV Show Settings
4
5-to-1: Streaming Originals
5
One Piece Logic Puzzle
6
Survivor Seasons
7
Survivor Logic Puzzle: Heroes vs. Villains
8
All US Survivor Seasons in Order
9
TV Shows by First Names
10
Survivor Season by Logo
Explore More
Trending Topics
Marvel
Anime
Crossword
Disney
NBA
Harry Potter
Kpop
Song
The Office
Pokémon
Puzzle
WWE
NFL
Soccer
Country
hide this ad
More By:
Gentledon
Quiz
Plays
Rating
Category
Featured
Created
The Ultimate Mafia Quiz
5,167
5.00
Miscellaneous
Jan 9, 2013
Disney, Pixar or Dreamworks?
3,359
3.13
Movies
May 14, 2013
Coastal African Countries
1,850
4.19
Geography
Dec 7, 2012
German WWII Generals
952
3.50
History
Nov 20, 2012
▪ Capitals Starting with 'K & L' ▪
441
4.83
Geography
Jan 2, 2013
Go to Creator's Profile
Score Distribution
Quiz Creator Spotlight
Gentledon
Follow
Send a Message
Quizzes Created
-
Created Quiz Play Count
-
More By This Creator
Popular Quizzes Today
1
Find the US States - No Outlines Minefield
2
Find the Countries of Europe - No Outlines Minefield
3
The Countries of the World
4
Find the US States
5
Risky Map Clicking: Biggest States A-Z
6
US States
7
Popular People in 1961
8
Movies - When Are They Set?
More Television Quizzes
TV Shows Missing 'P' Words
Published
Trending Quizzes
Risky Map Clicking: Least Populous States A-Z
1-10 Letter G Words
1-10 Letter F Words
Risky Map Clicking: Next State Alphabetically
Risky Map Clicking: Biggest States A-Z
Recently Updated
Leaping Animals
pecheneg
Reality TV Shows (A-Z)
bhenderson79
Rickey Henderson's Hall of Fame Teammates
pecheneg
Champions League XIs: Arsenal
pecheneg
Quick Pick: Celebrities in WWE's Hall of Fame
aduchscher
A-Z Keypad Blitz II
pecheneg
Multiple Oscar Actors
pecheneg
Mystery Phrase Blitz: Oscar 'Best Actors'
pecheneg
F. Scott Fitzgerald Novels
LTH
Pick 3 Villains
ddd62291
Trending Topics
Anime
NBA
Disney
Marvel
Crossword
Harry Potter
Kpop
Soccer
WWE
NFL
Pokémon
Country
Song
The Office
Puzzle
Your Account Isn't Verified!
In order to create a playlist on Sporcle, you need to verify the email address you used during registration. Go to your
Sporcle Settings
to finish the process.
Report this User
Report this user for behavior that violates our
Community Guidelines
.
Details:
Send Report
Go to the Sporcle.com Mobile Site →
Comments